header

Exchange rates and the firm (Record no. 162905)

MARC details
000 -LEADER
fixed length control field 01510nam a2200349 a 4500
082 04 - DEWEY DECIMAL CLASSIFICATION NUMBER
Classification number 332.4/566/094
100 1# - MAIN ENTRY--AUTHOR NAME
Personal name Friberg, Richard,
245 10 - TITLE STATEMENT
Title Exchange rates and the firm
260 ## - PUBLICATION, DISTRIBUTION, ETC. (IMPRINT)
Place of publication Houndmills, Basingstoke, Hampshire :
Name of publisher Macmillan Press ;
Place of publication New York :
Name of publisher St. Martin's Press,
Year of publication 1999.
300 ## - PHYSICAL DESCRIPTION
Number of Pages x, 174 p. :
Other physical details ill.
650 #0 - SUBJECT ADDED ENTRY--TOPICAL TERM
Topical Term Foreign exchange rates
Topical Term Monetary unions
Topical Term Monetary policy
Topical Term Business enterprises
856 40 - ELECTRONIC LOCATION AND ACCESS
Uniform Resource Identifier http://site.ebrary.com/lib/rucke/Doc?id=10067555

No items available.

© 2026 Rongo University
Contact us: librarian | system librarian | Rongo university